| 000 | 01133nam a2200313 i 4500 | ||
|---|---|---|---|
| 003 | EG-GICUC | ||
| 005 | 20260430121428.0 | ||
| 008 | 260430s1973 fre |||fr|||| 000 0 fre d | ||
| 040 |
_aEG-GiCUC _bfre _cEG-GiCUC _dEG-GiCUC _eRda |
||
| 041 |
_afre _hfre |
||
| 082 | 0 | 4 |
_221 _a342.51 _bBU . T |
| 092 | 0 | 4 | _221 |
| 099 | _aLaw 342.51 BU . T 1973 | ||
| 100 | 1 |
_a Burdeau, Georges _eAuteur |
|
| 245 | 1 | 0 |
_aTraité De Science Politique : _bLa Démocratie Gouvernante, Son Assise Sociale Et Sa Philosophie Politique / _cPar Georges Burdeau, _nTome VII. |
| 250 |
_aDeuxiéme édition _b Revue et Augmentée |
||
| 264 |
_aParis: _bLibrairie générale de droit et de jurisprudence, _c1973. |
||
| 300 |
_a671 page ; _c24 cm. _billustration ; |
||
| 336 |
_2rda contenu _a texte |
||
| 337 |
_2rda medias _aOrdinateur |
||
| 338 |
_2 transporteur rda _a Ressource en ligne |
||
| 504 | _aComprend des références bibliographiques. | ||
| 546 | _aTexte en français | ||
| 650 | 1 |
_aDroit constitutionnel _2qrmak |
|
| 651 | 1 | _2qrmak | |
| 856 | 4 | 0 | _uhttps://fll.law.cu.edu.eg/fulltext/bks/B08-04471.pdf |
| 905 | _a64 | ||
| 942 |
_2ddc _cBK _e21 _n0 |
||
| 999 |
_c74474 _d74474 |
||